|
|
|
|
| LEADER |
01221ppm a22003138a 4500 |
| 001 |
00036584 |
| 008 |
170310s2012 ||||||Viesd |
| 005 |
20171026081025.0 |
| 041 |
0 |
# |
|a Vie
|
| 082 |
1 |
4 |
|a 515
|b V121D
|
| 100 |
1 |
# |
|a Phạm, Thị Hoa
|
| 245 |
0 |
0 |
|a Vận dụng các thành tố cơ sở của phương pháp dạy học một số chủ đề giải tích ở trường Trung học Phổ thông
|b Luận văn thạc Toán học. Chuyên ngành.LL&PPDH Bộ môn Toán . Mã số: 60 14 10
|c Phạm Thị Hoa ; Nguyễn Văn Thuận(hướng dẫn)
|
| 260 |
# |
# |
|a Vinh
|b Đại học Vinh
|c 2012
|
| 300 |
# |
# |
|a 89tr.
|c 30cm.
|
| 500 |
# |
# |
|a ĐTTTS ghi: Bộ giáo dục và đào tạo. Đại học Vinh
|
| 653 |
# |
# |
|a Giáo dục
|
| 653 |
# |
# |
|a Luận văn
|
| 653 |
# |
# |
|a Vận dụng
|
| 653 |
# |
# |
|a Toán học
|
| 653 |
# |
# |
|a THPT
|
| 653 |
# |
# |
|a Phương pháp
|
| 700 |
1 |
# |
|e Hướng dẫn
|a Nguyễn Văn Thuận
|
| 852 |
# |
# |
|j LV.0001056
|
| 852 |
# |
# |
|b Kho đọc SĐH
|j LV.0001056
|
| 910 |
|
|
|d 10/03/2017
|
| 980 |
# |
# |
|a Trung tâm Học liệu Lê Vũ Hùng, Trường Đại học Đồng Tháp
|